<?xml version="1.0" encoding="UTF-8"?>
<collection xmlns="http://www.loc.gov/MARC21/slim">
<record>
  <controlfield tag="001">161880</controlfield>
  <controlfield tag="005">20251017144618.0</controlfield>
  <datafield tag="024" ind1="8" ind2=" ">
    <subfield code="2">sideral</subfield>
    <subfield code="a">144495</subfield>
  </datafield>
  <datafield tag="037" ind1=" " ind2=" ">
    <subfield code="a">ART-2025-144495</subfield>
  </datafield>
  <datafield tag="041" ind1=" " ind2=" ">
    <subfield code="a">spa</subfield>
  </datafield>
  <datafield tag="100" ind1=" " ind2=" ">
    <subfield code="a">García-Guiu López, Carlos</subfield>
    <subfield code="0">(orcid)0000-0002-4143-6973</subfield>
  </datafield>
  <datafield tag="245" ind1=" " ind2=" ">
    <subfield code="a">Liderazgo de servicio: fundamentos y formación en las organizaciones de Defensa y Seguridad.</subfield>
  </datafield>
  <datafield tag="260" ind1=" " ind2=" ">
    <subfield code="c">2025</subfield>
  </datafield>
  <datafield tag="506" ind1="0" ind2=" ">
    <subfield code="a">Access copy available to the general public</subfield>
    <subfield code="f">Unrestricted</subfield>
  </datafield>
  <datafield tag="520" ind1="3" ind2=" ">
    <subfield code="a">El presente trabajo analiza la importancia del liderazgo de servicio como un modelo de interés para las instituciones y organizaciones que desarrollan un servicio público desde el ámbito de las organizaciones de Defensa y Seguridad.
En una primera parte se explora el concepto de liderazgo de servicio, destacando su origen en la Psicología Social y su evolución hacia un enfoque positivo que promueve el desarrollo de los seguidores y el crecimiento personal.
Posteriormente, se examina el concepto de Liderazgo de servicio a través de documentos de referencia profesional como las Reales Ordenanzas de las Fuerzas Armadas, el Decálogo del cadete y la doctrina militar en vigor sobre liderazgo en el Ejército de Tierra.
Finalmente, se plantean conclusiones y objetivos de investigación para mejorar la formación y desarrollo profesional de los componentes de las organizaciones de Defensa y Seguridad.</subfield>
  </datafield>
  <datafield tag="540" ind1=" " ind2=" ">
    <subfield code="9">info:eu-repo/semantics/openAccess</subfield>
    <subfield code="a">by-nc-nd</subfield>
    <subfield code="u">https://creativecommons.org/licenses/by-nc-nd/4.0/deed.es</subfield>
  </datafield>
  <datafield tag="655" ind1=" " ind2="4">
    <subfield code="a">info:eu-repo/semantics/article</subfield>
    <subfield code="v">info:eu-repo/semantics/publishedVersion</subfield>
  </datafield>
  <datafield tag="700" ind1=" " ind2=" ">
    <subfield code="a">Vadillo Bengoa, Nerea</subfield>
    <subfield code="0">(orcid)0000-0003-2841-8890</subfield>
  </datafield>
  <datafield tag="700" ind1=" " ind2=" ">
    <subfield code="a">Laguía González, Ana</subfield>
  </datafield>
  <datafield tag="700" ind1=" " ind2=" ">
    <subfield code="a">Moriano León, Juan Antonio</subfield>
  </datafield>
  <datafield tag="700" ind1=" " ind2=" ">
    <subfield code="a">Molero Alonso, Fernando</subfield>
  </datafield>
  <datafield tag="700" ind1=" " ind2=" ">
    <subfield code="a">Lozano Dicha, Narciso</subfield>
    <subfield code="0">(orcid)0000-0002-2608-6768</subfield>
  </datafield>
  <datafield tag="700" ind1=" " ind2=" ">
    <subfield code="a">Trujillo Pacheco, Francisco</subfield>
    <subfield code="0">(orcid)0000-0001-8133-0658</subfield>
  </datafield>
  <datafield tag="700" ind1=" " ind2=" ">
    <subfield code="a">Edú Valsania, Sergio</subfield>
  </datafield>
  <datafield tag="773" ind1=" " ind2=" ">
    <subfield code="g">1 (2025), 9-23</subfield>
    <subfield code="t">Gracián. Revista de investigación universitaria</subfield>
    <subfield code="x">3045-7920</subfield>
  </datafield>
  <datafield tag="856" ind1="4" ind2=" ">
    <subfield code="s">307404</subfield>
    <subfield code="u">http://zaguan.unizar.es/record/161880/files/texto_completo.pdf</subfield>
    <subfield code="y">Versión publicada</subfield>
  </datafield>
  <datafield tag="856" ind1="4" ind2=" ">
    <subfield code="s">1526565</subfield>
    <subfield code="u">http://zaguan.unizar.es/record/161880/files/texto_completo.jpg?subformat=icon</subfield>
    <subfield code="x">icon</subfield>
    <subfield code="y">Versión publicada</subfield>
  </datafield>
  <datafield tag="856" ind1="4" ind2="1">
    <subfield code="u">https://www.unedcalatayud.es/content/files/2025/05/Liderazgo-de-Servicio.--Fundamentos-y-Formaci--n-en-las-Organizaciones-de-Defensa-y-Seguridad.pdf</subfield>
    <subfield code="z">Texto completo de la revista</subfield>
  </datafield>
  <datafield tag="909" ind1="C" ind2="O">
    <subfield code="o">oai:zaguan.unizar.es:161880</subfield>
    <subfield code="p">articulos</subfield>
    <subfield code="p">driver</subfield>
  </datafield>
  <datafield tag="951" ind1=" " ind2=" ">
    <subfield code="a">2025-10-17-14:20:40</subfield>
  </datafield>
  <datafield tag="980" ind1=" " ind2=" ">
    <subfield code="a">ARTICLE</subfield>
  </datafield>
</record>
</collection>